000 00625nas a2200217 i 4500
001 2113
003 ES-MaACL
005 20250217134520.0
007 t|
008 950801d19331937fr | | 1 ||re d
022 _a2023-2020
245 0 0 _aRevue médico-sociale de l'enfance.
260 _aParis :
_bMasson et Cie,
_c1933-1937 (
_eTours :
_fR. et P. Deslis)
300 _a2 v. :
_bgrab. ;
_c25 cm.
310 _aBimestral
362 0 _a1re Année, no 1 (jan.-févr. 1933)-5è Année (1937)
650 1 4 _aPatología.
_915884
852 _aES-MaACL
_jHem-616
866 0 _o1933(1934)1935(1936).
999 _c2113
_d2113